000 00532nam a22001575i 4500
001 157796
003 ES-MaACL
005 20230906210842.0
008 040818s1881 sp |||| | spa d
040 _aCAM
_bspa
_cCAM
100 1 _aLista, Aurora.
_9128977
245 1 3 _aEl sombrero y el chal /
_cpor Aurora Lista.
260 _aMadrid :
_b[s.n.],
_c1881 (
_fImprenta de Manuel G. Hernandez)
300 _a206 p. ;
_c18 cm.
852 _aES-MaACL
_jT-755-F-4
_z-- Enc. hol. conservando la cub. original
_z-- Enc. en un vol. facticio
999 _c157796
_d157796